Einstein /

Conferencia de Luis de la Peña sobre los descubrimientos científicos (así como sus antecedentes y logros posteriores) de Albert Einstein, en el campo de la física matemática. Se analiza la postura del físico con respecto a la utilización de sus descubrimientos en la nueva tecnología atómica.

Uloženo v:
Podrobná bibliografie
Korporativní autor: Los Constructores del Siglo XX ( UNAM)
Další autoři: González Casanova, Pablo (dir.) Dirigent, Peña, Luis de la (conferencia) (conferencia)
Médium: Konferenční příspěvek Video
Jazyk:španělština
Vydáno: México : UNAM, Centro de Investigaciones Interdisciplinarias en Ciencias y Humanidades, 1996, c1996
Edice:(Videoteca de Ciencias y Humanidades. Clásicos)
Témata:
Tagy: Přidat tag
Žádné tagy, Buďte první, kdo vytvoří štítek k tomuto záznamu!

MARC

LEADER 00000ngm^a2200000^a^4500
001 000063790
005 20250521000000.0
009 20260526120041.687
037 |a Acervo ITESO - Biblioteca 
041 |a ESP 
082 |a 920. 00904  |b CON V.4 
111 |a Los Constructores del Siglo XX (  |d 1996 :  |c UNAM) 
245 1 0 |a Einstein /  |c Los Constructores del Siglo XX ; dir. de P. González Casanova ; conferencia de L. de la Peña ; realización de Joaquín Palma y Fernando Montaño. 
264 4 |a México :  |b UNAM, Centro de Investigaciones Interdisciplinarias en Ciencias y Humanidades,  |c 1996, c1996 
300 |a 1 videocasete VHS  |c (60 min.) 
336 |a imagen móvil bidimensional  |b tdi  |2 rdacontenido 
337 |a video  |b v  |2 rdamedio 
338 |a videocasete  |b vf  |2 rdasoporte 
440 1 |a (Videoteca de Ciencias y Humanidades.  |p Clásicos) 
520 |a Conferencia de Luis de la Peña sobre los descubrimientos científicos (así como sus antecedentes y logros posteriores) de Albert Einstein, en el campo de la física matemática. Se analiza la postura del físico con respecto a la utilización de sus descubrimientos en la nueva tecnología atómica. 
649 |a XX 
650 |a Físicos Alemanes -  |x Biografías 
650 |a Físicos Norteamericanos -  |x Biografías 
650 |a Científicos Alemanes -  |x Biografías 
650 |a Científicos Norteamericanos -  |x Biografías 
650 |a Relatividad (Física) 
650 |a Física Matemática 
650 |a Einstein, Albert 
600 |a Mecánica Cuántica 
700 |a González Casanova, Pablo  |e (dir.) 
700 |a Peña, Luis de la  |e (conferencia) 
910 |a Fondo General 
920 |a Audiovisuales - Videocasetes 
905 |a 301 
901 |a 0500006921  |b IT2  |c VIS  |u 20250521 
902 |a https://opac.biblio.iteso.mx/vufind/Record/000063790